<?xml version="1.0" encoding="UTF-8"?>
<record
    xmlns:xsi="http://www.w3.org/2001/XMLSchema-instance"
    xsi:schemaLocation="http://www.loc.gov/MARC21/slim http://www.loc.gov/standards/marcxml/schema/MARC21slim.xsd"
    xmlns="http://www.loc.gov/MARC21/slim">

  <leader>05693nam0a22007331  4500</leader>
  <controlfield tag="001">RU\NLR\A1\7043</controlfield>
  <controlfield tag="005">20260421151311.0</controlfield>
  <datafield tag="035" ind1=" " ind2=" ">
    <subfield code="a">(NLR Aleph) 009672871</subfield>
  </datafield>
  <datafield tag="090" ind1=" " ind2=" ">
    <subfield code="a">9669827</subfield>
    <subfield code="c">9669827</subfield>
  </datafield>
  <datafield tag="100" ind1=" " ind2=" ">
    <subfield code="a">19970402d1773    m  y0rusy50      ca</subfield>
  </datafield>
  <datafield tag="101" ind1="0" ind2=" ">
    <subfield code="a">rus</subfield>
  </datafield>
  <datafield tag="102" ind1=" " ind2=" ">
    <subfield code="a">RU</subfield>
  </datafield>
  <datafield tag="135" ind1=" " ind2=" ">
    <subfield code="a">crmn mmmaaada</subfield>
  </datafield>
  <datafield tag="140" ind1=" " ind2=" ">
    <subfield code="a">y   y            aayaa0000  </subfield>
  </datafield>
  <datafield tag="200" ind1="1" ind2=" ">
    <subfield code="a">&#x41B;&#x438;&#x440;&#x430;, &#x438;&#x43B;&#x438; &#x421;&#x43E;&#x431;&#x440;&#x430;&#x43D;&#x438;&#x435; &#x440;&#x430;&#x437;&#x43D;&#x44B;&#x445; &#x432; &#x441;&#x442;&#x438;&#x445;&#x430;&#x445; &#x441;&#x43E;&#x447;&#x438;&#x43D;&#x435;&#x43D;&#x438;&#x439; &#x438; &#x43F;&#x435;&#x440;&#x435;&#x432;&#x43E;&#x434;&#x43E;&#x432;,</subfield>
    <subfield code="f">&#x41D;&#x435;&#x43A;&#x43E;&#x442;&#x43E;&#x440;&#x430;&#x433;&#x43E; &#x43C;&#x443;&#x437; &#x43B;&#x44E;&#x431;&#x438;&#x442;&#x435;&#x43B;&#x44F;.</subfield>
  </datafield>
  <datafield tag="210" ind1=" " ind2=" ">
    <subfield code="a">&#x412; &#x421;&#x430;&#x43D;&#x43A;&#x442;&#x43F;&#x435;&#x442;&#x435;&#x440;&#x431;&#x443;&#x440;&#x433;&#x435;</subfield>
    <subfield code="c">&#x41F;&#x440;&#x438; &#x418;&#x43C;&#x43F;&#x435;&#x440;&#x430;&#x442;&#x43E;&#x440;&#x441;&#x43A;&#x43E;&#x439; &#x410;&#x43A;&#x430;&#x434;&#x435;&#x43C;&#x438;&#x438; &#x43D;&#x430;&#x443;&#x43A;</subfield>
    <subfield code="d">1773</subfield>
  </datafield>
  <datafield tag="215" ind1=" " ind2=" ">
    <subfield code="a">95, [1] &#x441;.</subfield>
    <subfield code="d">4&#xB0;</subfield>
  </datafield>
  <datafield tag="310" ind1=" " ind2=" ">
    <subfield code="a">&#x422;&#x438;&#x440;&#x430;&#x436; 600 &#x44D;&#x43A;&#x437;.</subfield>
  </datafield>
  <datafield tag="314" ind1=" " ind2=" ">
    <subfield code="a">&#x41D;&#x430; &#x441;.4 &#x441;&#x442;&#x438;&#x445;&#x43E;&#x442;&#x432;&#x43E;&#x440;&#x43D;&#x43E;&#x435; &#x43F;&#x43E;&#x441;&#x432;&#x44F;&#x449;. &#x430;&#x432;&#x442;. &#x415;&#x43A;&#x430;&#x442;&#x435;&#x440;&#x438;&#x43D;&#x435; II.</subfield>
  </datafield>
  <datafield tag="316" ind1=" " ind2=" ">
    <subfield code="a">&#x42D;&#x43A;&#x437;. &#x420;&#x41D;&#x411; (18.149.3.13) &#x432; &#x441;&#x43E;&#x441;&#x442;&#x430;&#x432;&#x43D;&#x43E;&#x43C; &#x43A;&#x430;&#x440;&#x442;&#x43E;&#x43D;. &#x43F;&#x435;&#x440;., &#x43E;&#x431;&#x442;&#x44F;&#x43D;&#x443;&#x442;&#x43E;&#x43C; &#x431;&#x443;&#x43C;&#x430;&#x433;&#x43E;&#x439;, &#x441; &#x43A;&#x43E;&#x436;&#x430;&#x43D;&#x44B;&#x43C;&#x438; &#x43A;&#x43E;&#x440;&#x438;&#x447;&#x43D;&#x435;&#x432;&#x44B;&#x43C;&#x438; &#x43A;&#x43E;&#x440;&#x435;&#x448;&#x43A;&#x43E;&#x43C; &#x438; &#x443;&#x433;&#x43E;&#x43B;&#x43A;&#x430;&#x43C;&#x438;. &#x41D;&#x430; &#x43D;&#x438;&#x436;&#x43D;&#x435;&#x439; &#x43A;&#x440;&#x44B;&#x448;&#x43A;&#x435; &#x43F;&#x435;&#x440;. &#x44D;&#x43A;&#x441;&#x43B;&#x438;&#x431;&#x440;&#x438;&#x441; &#x420;&#x443;&#x441;. &#x444;&#x43E;&#x43D;&#x434;&#x430; &#x413;&#x41F;&#x411; &#x441; &#x448;&#x438;&#x444;&#x440;&#x43E;&#x43C;. &#x41A;&#x43E;&#x440;&#x435;&#x448;&#x43E;&#x43A; &#x441; 5-&#x44E; &#x431;&#x438;&#x43D;&#x442;&#x430;&#x43C;&#x438;, &#x431;&#x43B;&#x438;&#x43D;&#x442;&#x43E;&#x432;&#x44B;&#x43C; &#x442;&#x438;&#x441;&#x43D;&#x435;&#x43D;&#x438;&#x435;&#x43C; &#x438; &#x43D;&#x430;&#x43F;&#x438;&#x441;&#x430;&#x43D;&#x43D;&#x44B;&#x43C; &#x43F;&#x43E;&#x440;&#x44F;&#x434;&#x43A;&#x43E;&#x432;&#x44B;&#x43C; &#x43D;&#x43E;&#x43C;&#x435;&#x440;&#x43E;&#x43C; &#x43A;&#x43D;&#x438;&#x433;&#x438; &#x43D;&#x430; &#x43F;&#x43E;&#x43B;&#x43A;&#x435; "13". &#x41E;&#x431;&#x440;&#x435;&#x437; &#x43C;&#x440;&#x430;&#x43C;&#x43E;&#x440;. &#x43A;&#x440;&#x430;&#x441;. &#x41D;&#x430; &#x444;&#x43E;&#x440;&#x437;&#x430;&#x446;&#x435; &#x44F;&#x440;&#x43B;&#x44B;&#x43A; &#x441; &#x448;&#x438;&#x444;&#x440;&#x43E;&#x43C; &#x420;&#x41D;&#x411;. &#x41D;&#x430; &#x442;&#x438;&#x442;. &#x43B;., &#x441;.33 &#x438; 94 &#x43A;&#x440;&#x443;&#x433;&#x43B;&#x44B;&#x439; &#x448;&#x442;&#x430;&#x43C;&#x43F; &#x413;&#x41F;&#x411;.</subfield>
    <subfield code="5">NLR: 18.149.3.13</subfield>
  </datafield>
  <datafield tag="316" ind1=" " ind2=" ">
    <subfield code="a">&#x42D;&#x43A;&#x437;. &#x420;&#x41D;&#x411; (138/2769) &#x432; &#x441;&#x43E;&#x441;&#x442;&#x430;&#x432;&#x43D;&#x43E;&#x43C; &#x43A;&#x430;&#x440;&#x442;&#x43E;&#x43D;. &#x43F;&#x435;&#x440;., &#x43E;&#x431;&#x442;&#x44F;&#x43D;&#x443;&#x442;&#x43E;&#x43C; &#x431;&#x443;&#x43C;&#x430;&#x433;&#x43E;&#x439;, &#x441; &#x43A;&#x43E;&#x436;&#x430;&#x43D;&#x44B;&#x43C; &#x43A;&#x43E;&#x440;&#x438;&#x447;&#x43D;&#x435;&#x432;&#x44B;&#x43C; &#x43A;&#x43E;&#x440;&#x435;&#x448;&#x43A;&#x43E;&#x43C;. &#x41D;&#x430; &#x43D;&#x438;&#x436;&#x43D;&#x435;&#x439; &#x43A;&#x440;&#x44B;&#x448;&#x43A;&#x435; &#x43F;&#x435;&#x440;. &#x44D;&#x43A;&#x441;&#x43B;&#x438;&#x431;&#x440;&#x438;&#x441; &#x420;&#x443;&#x441;. &#x444;&#x43E;&#x43D;&#x434;&#x430; &#x413;&#x41F;&#x411; &#x441; &#x448;&#x438;&#x444;&#x440;&#x43E;&#x43C;. &#x41A;&#x43E;&#x440;&#x435;&#x448;&#x43E;&#x43A; &#x433;&#x43B;&#x430;&#x434;&#x43A;&#x438;&#x439; &#x441; &#x442;&#x438;&#x441;&#x43D;&#x435;&#x43D;&#x438;&#x435;&#x43C; &#x437;&#x43E;&#x43B;&#x43E;&#x442;&#x43E;&#x43C; &#x438; &#x432;&#x44B;&#x442;&#x438;&#x441;&#x43D;. &#x437;&#x43E;&#x43B;&#x43E;&#x442;&#x43E;&#x43C; &#x43D;&#x430;&#x437;&#x432;&#x430;&#x43D;&#x438;&#x435;&#x43C;: "&#x41B;&#x438;&#x440;&#x430;". &#x417;&#x43E;&#x43B;&#x43E;&#x442;&#x43E; &#x441;&#x43E;&#x445;&#x440;&#x430;&#x43D;&#x438;&#x43B;&#x43E;&#x441;&#x44C; &#x43B;&#x438;&#x448;&#x44C; &#x447;&#x430;&#x441;&#x442;&#x438;&#x447;&#x43D;&#x43E;. &#x41E;&#x431;&#x440;&#x435;&#x437; &#x43C;&#x440;&#x430;&#x43C;&#x43E;&#x440;. &#x441;&#x438;&#x43D;&#x438;&#x439;. &#x41D;&#x430; &#x444;&#x43E;&#x440;&#x437;&#x430;&#x446;&#x435; &#x44F;&#x440;&#x43B;&#x44B;&#x43A; &#x441; &#x448;&#x438;&#x444;&#x440;&#x43E;&#x43C; &#x420;&#x41D;&#x411;. &#x41D;&#x430; &#x43D;&#x430;&#x445;&#x437;&#x430;&#x446;&#x435; &#x442;&#x435;&#x445;&#x43D;. &#x448;&#x442;&#x430;&#x43C;&#x43F;. &#x41D;&#x430; &#x442;&#x438;&#x442;. &#x43B;. &#x448;&#x442;&#x430;&#x43C;&#x43F;: "&#x410;&#x43D;&#x442;&#x438;&#x440;&#x435;&#x43B;&#x438;&#x433;&#x438;&#x43E;&#x437;&#x43D;&#x43E;&#x435; &#x43E;&#x442;&#x434;&#x435;&#x43B;&#x435;&#x43D;&#x438;&#x435; &#x433;&#x43E;&#x441;. &#x43F;&#x443;&#x431;&#x43B;&#x438;&#x447;&#x43D;&#x43E;&#x439; &#x431;&#x438;&#x431;&#x43B;&#x438;&#x43E;&#x442;&#x435;&#x43A;&#x438;".</subfield>
    <subfield code="5">NLR: 138/2769</subfield>
  </datafield>
  <datafield tag="316" ind1=" " ind2=" ">
    <subfield code="a">&#x42D;&#x43A;&#x437;. &#x420;&#x41D;&#x411; (&#x420;&#x417;&#x424; 18 &#x432;. 3/1821) &#x432; &#x441;&#x43E;&#x441;&#x442;&#x430;&#x432;&#x43D;&#x43E;&#x43C; &#x43A;&#x430;&#x440;&#x442;&#x43E;&#x43D;. &#x43F;&#x435;&#x440;., &#x43E;&#x431;&#x442;&#x44F;&#x43D;&#x443;&#x442;&#x43E;&#x43C; &#x43C;&#x440;&#x430;&#x43C;&#x43E;&#x440;. &#x431;&#x443;&#x43C;&#x430;&#x433;&#x43E;&#x439;, &#x441; &#x43A;&#x43E;&#x436;&#x430;&#x43D;&#x44B;&#x43C; &#x43A;&#x43E;&#x440;&#x438;&#x447;&#x43D;&#x435;&#x432;&#x44B;&#x43C; &#x43A;&#x43E;&#x440;&#x435;&#x448;&#x43A;&#x43E;&#x43C; &#x438; &#x442;&#x43A;&#x430;&#x43D;&#x44B;&#x43C;&#x438; &#x443;&#x433;&#x43E;&#x43B;&#x43A;&#x430;&#x43C;&#x438;. &#x41D;&#x430; &#x43D;&#x438;&#x436;&#x43D;&#x435;&#x439; &#x43A;&#x440;&#x44B;&#x448;&#x43A;&#x435; &#x43F;&#x435;&#x440;. &#x44D;&#x43A;&#x441;&#x43B;&#x438;&#x431;&#x440;&#x438;&#x441; &#x420;&#x417;&#x424; &#x413;&#x41F;&#x411; &#x441; &#x448;&#x438;&#x444;&#x440;&#x43E;&#x43C;. &#x41D;&#x438;&#x436;&#x43D;&#x44F;&#x44F; &#x43A;&#x440;&#x44B;&#x448;&#x43A;&#x430; &#x43F;&#x435;&#x440;. &#x43E;&#x442;&#x440;&#x44B;&#x432;&#x430;&#x435;&#x442;&#x441;&#x44F; &#x43E;&#x442; &#x43A;&#x43D;. &#x431;&#x43B;&#x43E;&#x43A;&#x430;. &#x41A;&#x43E;&#x440;&#x435;&#x448;&#x43E;&#x43A; &#x433;&#x43B;&#x430;&#x434;&#x43A;&#x438;&#x439;, (&#x43A;&#x43E;&#x436;&#x430;&#x43D;&#x43E;&#x435; &#x43F;&#x43E;&#x43A;&#x440;&#x44B;&#x442;&#x438;&#x435; &#x43D;&#x430; &#x43D;&#x435;&#x43C; &#x441;&#x442;&#x435;&#x440;&#x43B;&#x43E;&#x441;&#x44C;) &#x43F;&#x43E; &#x432;&#x441;&#x435;&#x439; &#x434;&#x43B;&#x438;&#x43D;&#x435; &#x43F;&#x43E;&#x434;&#x43A;&#x43B;&#x435;&#x435;&#x43D; &#x431;&#x443;&#x43C;&#x430;&#x433;&#x43E;&#x439;. &#x41D;&#x430; &#x43D;&#x430;&#x445;&#x437;&#x430;&#x446;&#x435; &#x442;&#x435;&#x445;&#x43D;. &#x448;&#x442;&#x430;&#x43C;&#x43F;. &#x41D;&#x430; &#x43E;&#x431;&#x43E;&#x440;&#x43E;&#x442;&#x435; &#x442;&#x438;&#x442;. &#x43B;. &#x438; &#x441;.94 &#x43A;&#x440;&#x443;&#x433;&#x43B;&#x44B;&#x439; &#x448;&#x442;&#x430;&#x43C;&#x43F; &#x413;&#x41F;&#x411;.</subfield>
    <subfield code="5">NLR: &#x420;&#x417;&#x424; 18 &#x432;. 3/1821</subfield>
  </datafield>
  <datafield tag="317" ind1=" " ind2=" ">
    <subfield code="a">&#x412; &#x44D;&#x43A;&#x437;. &#x420;&#x41D;&#x411; (138/2769) &#x43D;&#x430; &#x442;&#x438;&#x442;. &#x43B;. &#x448;&#x442;&#x430;&#x43C;&#x43F; &#x411;-&#x43A;&#x438; &#x421;.&#x41F;&#x435;&#x442;&#x435;&#x440;&#x431;&#x443;&#x440;&#x433;&#x441;&#x43A;&#x43E;&#x439; &#x434;&#x443;&#x445;&#x43E;&#x432;&#x43D;&#x43E;&#x439; &#x430;&#x43A;&#x430;&#x434;&#x435;&#x43C;&#x438;&#x438; (&#x411;&#x43E;&#x433;&#x43E;&#x43C;&#x43E;&#x43B;&#x43E;&#x432; 12013). &#x41D;&#x430; &#x43A;&#x43E;&#x440;&#x435;&#x448;&#x43A;&#x435; &#x435;&#x435; &#x441;&#x443;&#x43F;&#x435;&#x440;&#x44D;&#x43A;&#x441;&#x43B;&#x438;&#x431;&#x440;&#x438;&#x441;, &#x432;&#x44B;&#x441;&#x43D;. &#x437;&#x43E;&#x43B;&#x43E;&#x442;&#x43E;&#x43C;: &#x421;&#x41F;&#x414;&#x410;. &#x41D;&#x430; &#x444;&#x43E;&#x440;&#x437;&#x430;&#x446;&#x435; &#x44F;&#x440;&#x43B;&#x44B;&#x43A; "&#x421;.&#x41F;&#x435;&#x442;&#x435;&#x440;&#x431;&#x443;&#x440;&#x433;&#x441;&#x43A;&#x430;&#x44F; &#x441;&#x438;&#x43D;&#x43E;&#x434;&#x430;&#x43B;&#x44C;&#x43D;&#x430;&#x44F; &#x43F;&#x435;&#x440;&#x435;&#x43F;&#x43B;&#x435;&#x442;&#x43D;&#x430;&#x44F;"</subfield>
    <subfield code="5">NLR: 138/2769</subfield>
  </datafield>
  <datafield tag="317" ind1=" " ind2=" ">
    <subfield code="a">&#x412; &#x44D;&#x43A;&#x437;. &#x420;&#x41D;&#x411; (&#x420;&#x417;&#x424; 18 &#x432;. 3/1821) &#x43D;&#x430; &#x442;&#x438;&#x442;. &#x43B;. &#x432;&#x43B;&#x430;&#x434;&#x435;&#x43B;&#x44C;&#x447;. &#x43D;&#x430;&#x434;&#x43F;&#x438;&#x441;&#x44C;: "&#x41C;&#x438;&#x445;&#x430;&#x439;&#x43B;&#x430; &#x415;&#x440;&#x43E;&#x43F;&#x43A;&#x438;&#x43D;&#x430;"</subfield>
    <subfield code="5">NLR: &#x420;&#x417;&#x424; 18 &#x432;. 3/1821</subfield>
  </datafield>
  <datafield tag="317" ind1=" " ind2=" ">
    <subfield code="a">&#x42D;&#x43A;&#x437;. &#x420;&#x413;&#x410;&#x414;&#x410; &#x438;&#x437; &#x431;-&#x43A;&#x438; &#x424;. &#x424;. &#x41C;&#x430;&#x437;&#x443;&#x440;&#x438;&#x43D;&#x430;</subfield>
    <subfield code="5">&#x420;&#x413;&#x410;&#x414;&#x410;</subfield>
  </datafield>
  <datafield tag="317" ind1=" " ind2=" ">
    <subfield code="a">&#x42D;&#x43A;&#x437;. &#x426;&#x41D;&#x411; &#x41D;&#x410;&#x41D; &#x411;&#x435;&#x43B;. &#x438;&#x437; &#x431;-&#x43A;&#x438; &#x41F;. &#x412;. &#x413;&#x443;&#x431;&#x430;&#x440;&#x430; (&#x411;&#x43E;&#x433;&#x43E;&#x43C;&#x43E;&#x43B;&#x43E;&#x432;. 4493)</subfield>
    <subfield code="5">&#x426;&#x41D;&#x411; &#x41D;&#x410;&#x41D; &#x411;&#x435;&#x43B;.</subfield>
  </datafield>
  <datafield tag="321" ind1=" " ind2=" ">
    <subfield code="a">&#x421;&#x41A; XVIII 630</subfield>
  </datafield>
  <datafield tag="321" ind1=" " ind2=" ">
    <subfield code="a">&#x421;&#x41A; XVIII. &#x422;.3. &#x421;.484</subfield>
  </datafield>
  <datafield tag="325" ind1=" " ind2=" ">
    <subfield code="a">&#x41A;&#x43E;&#x43F;&#x438;&#x44F; &#x434;&#x43E;&#x441;&#x442;&#x443;&#x43F;&#x43D;&#x430; &#x432; &#x42D;&#x43B;&#x435;&#x43A;&#x442;&#x440;&#x43E;&#x43D;. &#x431;-&#x43A;&#x435; &#x420;&#x41D;&#x411; http://vivaldi.nlr.ru/bx000030586/view</subfield>
  </datafield>
  <datafield tag="517" ind1="1" ind2=" ">
    <subfield code="a">&#x421;&#x43E;&#x431;&#x440;&#x430;&#x43D;&#x438;&#x435; &#x440;&#x430;&#x437;&#x43D;&#x44B;&#x445; &#x432; &#x441;&#x442;&#x438;&#x445;&#x430;&#x445; &#x441;&#x43E;&#x447;&#x438;&#x43D;&#x435;&#x43D;&#x438;&#x439; &#x438; &#x43F;&#x435;&#x440;&#x435;&#x432;&#x43E;&#x434;&#x43E;&#x432;.</subfield>
  </datafield>
  <datafield tag="620" ind1=" " ind2=" ">
    <subfield code="d">&#x421;&#x430;&#x43D;&#x43A;&#x442;-&#x41F;&#x435;&#x442;&#x435;&#x440;&#x431;&#x443;&#x440;&#x433;</subfield>
  </datafield>
  <datafield tag="700" ind1=" " ind2="1">
    <subfield code="a">&#x411;&#x43E;&#x433;&#x434;&#x430;&#x43D;&#x43E;&#x432;&#x438;&#x447;</subfield>
    <subfield code="b">&#x418;. &#x424;.</subfield>
    <subfield code="f">1743-1803</subfield>
    <subfield code="g">&#x418;&#x43F;&#x43F;&#x43E;&#x43B;&#x438;&#x442; &#x424;&#x435;&#x434;&#x43E;&#x440;&#x43E;&#x432;&#x438;&#x447;</subfield>
    <subfield code="3">RU\NLR\AUTH\7778862</subfield>
  </datafield>
  <datafield tag="702" ind1=" " ind2="0">
    <subfield code="a">&#x415;&#x43A;&#x430;&#x442;&#x435;&#x440;&#x438;&#x43D;&#x430;</subfield>
    <subfield code="c">&#x438;&#x43C;&#x43F;&#x435;&#x440;&#x430;&#x442;&#x440;&#x438;&#x446;&#x430; &#x440;&#x43E;&#x441;&#x441;&#x438;&#x439;&#x441;&#x43A;&#x430;&#x44F;</subfield>
    <subfield code="d">II</subfield>
    <subfield code="f">1729-1796</subfield>
    <subfield code="3">RU\NLR\AUTH\772098</subfield>
    <subfield code="4">280</subfield>
  </datafield>
  <datafield tag="702" ind1=" " ind2="1">
    <subfield code="a">&#x415;&#x440;&#x43E;&#x43F;&#x43A;&#x438;&#x43D;</subfield>
    <subfield code="b">&#x41C;.</subfield>
    <subfield code="g">&#x41C;&#x438;&#x445;&#x430;&#x438;&#x43B;</subfield>
    <subfield code="4">390</subfield>
  </datafield>
  <datafield tag="702" ind1=" " ind2="1">
    <subfield code="a">&#x41C;&#x430;&#x437;&#x443;&#x440;&#x438;&#x43D;</subfield>
    <subfield code="b">&#x424;. &#x424;.</subfield>
    <subfield code="f">1845-1898</subfield>
    <subfield code="g">&#x424;&#x451;&#x434;&#x43E;&#x440; &#x424;&#x451;&#x434;&#x43E;&#x440;&#x43E;&#x432;&#x438;&#x447;</subfield>
    <subfield code="5">&#x420;&#x413;&#x410;&#x414;&#x410;</subfield>
    <subfield code="3">RU\NLR\AUTH\770287865</subfield>
    <subfield code="4">390</subfield>
  </datafield>
  <datafield tag="702" ind1=" " ind2="1">
    <subfield code="a">&#x413;&#x443;&#x431;&#x430;&#x440;</subfield>
    <subfield code="b">&#x41F;.&#x412;.</subfield>
    <subfield code="f">1885-1976</subfield>
    <subfield code="g">&#x41F;&#x430;&#x432;&#x435;&#x43B; &#x412;&#x438;&#x43A;&#x435;&#x43D;&#x442;&#x44C;&#x435;&#x432;&#x438;&#x447;</subfield>
    <subfield code="5">&#x426;&#x41D;&#x411; &#x41D;&#x410;&#x41D; &#x411;&#x435;&#x43B;.</subfield>
    <subfield code="4">390</subfield>
  </datafield>
  <datafield tag="712" ind1="0" ind2="2">
    <subfield code="a">&#x410;&#x43A;&#x430;&#x434;&#x435;&#x43C;&#x438;&#x447;&#x435;&#x441;&#x43A;&#x430;&#x44F; &#x442;&#x438;&#x43F;&#x43E;&#x433;&#x440;&#x430;&#x444;&#x438;&#x44F;</subfield>
    <subfield code="c">&#x421;&#x430;&#x43D;&#x43A;&#x442;-&#x41F;&#x435;&#x442;&#x435;&#x440;&#x431;&#x443;&#x440;&#x433;</subfield>
    <subfield code="3">RU\NLR\AUTH\8815379</subfield>
    <subfield code="4">610</subfield>
  </datafield>
  <datafield tag="801" ind1=" " ind2="0">
    <subfield code="a">RU</subfield>
    <subfield code="b">NLR</subfield>
    <subfield code="c">19970402</subfield>
  </datafield>
  <datafield tag="852" ind1=" " ind2=" ">
    <subfield code="a">NLR</subfield>
    <subfield code="j">18.149.3.13</subfield>
  </datafield>
  <datafield tag="852" ind1=" " ind2=" ">
    <subfield code="a">NLR</subfield>
    <subfield code="j">138/2769</subfield>
  </datafield>
  <datafield tag="852" ind1=" " ind2=" ">
    <subfield code="a">NLR</subfield>
    <subfield code="b">&#x420;&#x417;&#x424;</subfield>
    <subfield code="j">18 &#x432;. 3/1821</subfield>
  </datafield>
  <datafield tag="856" ind1=" " ind2="0">
    <subfield code="u">http://vivaldi.nlr.ru/bx000030586/view</subfield>
  </datafield>
  <datafield tag="856" ind1=" " ind2="1">
    <subfield code="u">http://vivaldi.nlr.ru/bx000030586/cover</subfield>
  </datafield>
  <datafield tag="856" ind1=" " ind2="2">
    <subfield code="u">http://vivaldi.nlr.ru/bx000030586/text</subfield>
  </datafield>
  <datafield tag="899" ind1=" " ind2=" ">
    <subfield code="a">&#x417;&#x41D;&#x411; &#x421;&#x413;&#x423;</subfield>
  </datafield>
  <datafield tag="899" ind1=" " ind2=" ">
    <subfield code="a">&#x41A;&#x41A;&#x41C;</subfield>
  </datafield>
  <datafield tag="899" ind1=" " ind2=" ">
    <subfield code="a">&#x420;&#x413;&#x411;</subfield>
  </datafield>
  <datafield tag="899" ind1=" " ind2=" ">
    <subfield code="a">&#x411;&#x410;&#x41D;</subfield>
  </datafield>
  <datafield tag="899" ind1=" " ind2=" ">
    <subfield code="a">&#x413;&#x41F;&#x418;&#x411;</subfield>
  </datafield>
  <datafield tag="899" ind1=" " ind2=" ">
    <subfield code="a">&#x417;&#x41D;&#x411; &#x412;&#x413;&#x423;</subfield>
  </datafield>
  <datafield tag="899" ind1=" " ind2=" ">
    <subfield code="a">&#x413;&#x41F;&#x41D;&#x422;&#x411; &#x421;&#x41E; &#x420;&#x410;&#x41D;</subfield>
  </datafield>
  <datafield tag="899" ind1=" " ind2=" ">
    <subfield code="a">&#x41A;&#x43E;&#x441;&#x442;&#x41E;&#x423;&#x41D;&#x411;</subfield>
    <subfield code="y">2 &#x44D;&#x43A;&#x437;.</subfield>
  </datafield>
  <datafield tag="899" ind1=" " ind2=" ">
    <subfield code="a">&#x423;&#x41E;&#x41D;&#x411;</subfield>
  </datafield>
  <datafield tag="899" ind1=" " ind2=" ">
    <subfield code="a">&#x421;&#x41F;&#x431;&#x413;&#x423;</subfield>
  </datafield>
  <datafield tag="899" ind1=" " ind2=" ">
    <subfield code="a">&#x41D;&#x411;&#x41B; &#x41A;&#x413;&#x423;</subfield>
  </datafield>
  <datafield tag="899" ind1=" " ind2=" ">
    <subfield code="a">&#x420;&#x413;&#x410;&#x414;&#x410;</subfield>
  </datafield>
  <datafield tag="899" ind1=" " ind2=" ">
    <subfield code="a">&#x426;&#x41D;&#x411; &#x41D;&#x410;&#x41D; &#x411;&#x435;&#x43B;.</subfield>
  </datafield>
  <datafield tag="942" ind1=" " ind2=" ">
    <subfield code="c">BOOK</subfield>
  </datafield>
  <datafield tag="980" ind1=" " ind2=" ">
    <subfield code="a">NB</subfield>
  </datafield>
  <datafield tag="980" ind1=" " ind2=" ">
    <subfield code="a">A1XVIIIv</subfield>
  </datafield>
  <datafield tag="981" ind1="3" ind2="3">
    <subfield code="a">(33) &#x425;&#x443;&#x434;&#x43E;&#x436;&#x435;&#x441;&#x442;&#x432;&#x435;&#x43D;&#x43D;&#x430;&#x44F; &#x43B;&#x438;&#x442;&#x435;&#x440;&#x430;&#x442;&#x443;&#x440;&#x430;</subfield>
    <subfield code="b">(33) &#x41E;&#x442;&#x435;&#x447;&#x435;&#x441;&#x442;&#x432;&#x435;&#x43D;&#x43D;&#x430;&#x44F; &#x43B;&#x438;&#x442;&#x435;&#x440;&#x430;&#x442;&#x443;&#x440;&#x430;</subfield>
  </datafield>
  <datafield tag="981" ind1="2" ind2="0">
    <subfield code="a">(20) &#x41A;&#x43D;&#x438;&#x436;&#x43D;&#x44B;&#x435; &#x43F;&#x430;&#x43C;&#x44F;&#x442;&#x43D;&#x438;&#x43A;&#x438; &#x420;&#x41D;&#x411;</subfield>
    <subfield code="b">(20) &#x420;&#x443;&#x441;&#x441;&#x43A;&#x438;&#x439; &#x43A;&#x43D;&#x438;&#x436;&#x43D;&#x44B;&#x439; &#x444;&#x43E;&#x43D;&#x434;</subfield>
  </datafield>
  <datafield tag="995" ind1=" " ind2=" ">
    <subfield code="5">2016-05-13</subfield>
    <subfield code="b">NLR02</subfield>
    <subfield code="c">NLR02</subfield>
    <subfield code="e">RFS</subfield>
    <subfield code="f">9672871-10</subfield>
    <subfield code="k">18.149.3.13</subfield>
    <subfield code="o">0</subfield>
    <subfield code="r">BOOK</subfield>
    <subfield code="s">18149313_</subfield>
  </datafield>
  <datafield tag="995" ind1=" " ind2=" ">
    <subfield code="5">2024-05-24</subfield>
    <subfield code="b">NLR02</subfield>
    <subfield code="c">NLR02</subfield>
    <subfield code="e">RFS</subfield>
    <subfield code="f">9672871-20</subfield>
    <subfield code="k">138/2769</subfield>
    <subfield code="o">0</subfield>
    <subfield code="r">BOOK</subfield>
    <subfield code="s">1382769_</subfield>
  </datafield>
  <datafield tag="995" ind1=" " ind2=" ">
    <subfield code="5">2024-05-24</subfield>
    <subfield code="b">NLR01</subfield>
    <subfield code="c">NLR01</subfield>
    <subfield code="e">RZF</subfield>
    <subfield code="f">9672871-30</subfield>
    <subfield code="k">&#x420;&#x417;&#x424; 18 &#x432;. 3/1821</subfield>
    <subfield code="o">0</subfield>
    <subfield code="r">BOOK</subfield>
    <subfield code="s">_1831821</subfield>
  </datafield>
</record>
